书目信息 |
| 题名: |
学会工作手册
|
|
| 作者: | 王恭 , 孙济家 主编 | |
| 分册: | ||
| 出版信息: | 福州 福建教育出版社 1988 |
|
| 页数: | 446页 | |
| 开本: | 20cm | |
| 丛书名: | 《学会丛书》之二 | |
| 单 册: | ||
| 中图分类: | C2 | |
| 科图分类: | ||
| 主题词: | 社会科学--组织机构 , 社会科学--团体 , 社会科学--会议 , 社会科学--国家行政机关 | |
| 电子资源: | ||
| ISBN: | ||
| 000 | 00728nam0 2200253 450 | |
| 001 | 0761267423 | |
| 005 | 20070926170309.89 | |
| 100 | @a20070926d1988 km y0chiy0120 ea | |
| 101 | 0 | @achi |
| 102 | @aCN@b350000 | |
| 200 | 1 | @a学会工作手册@Axue hui gong zuo shou ce@f王恭,孙济家主编@Fwang gong,sun ji jia zhu bian |
| 210 | @a福州@c福建教育出版社@d1988 | |
| 215 | @a446页@d20cm | |
| 225 | 2 | @a《学会丛书》之二 |
| 410 | 0 | @12001 @a《学会丛书》之二 |
| 606 | 0 | @a社会科学@x组织机构 |
| 606 | 0 | @a社会科学@x团体 |
| 606 | 0 | @a社会科学@x会议 |
| 606 | 0 | @a社会科学@x国家行政机关 |
| 690 | @aC2@v3 | |
| 701 | 0 | @a王恭@Awang gong@4主编 |
| 701 | 0 | @a孙济家@Asun ji jia@4主编 |
| 801 | 0 | @aCN@bPFT@c20070926 |
| 905 | @a10447@dC2@e240 | |
| 学会工作手册/王恭,孙济家主编.-福州:福建教育出版社,1988 |
| 446页;20cm.-(《学会丛书》之二) |
| ISBN : |
| ● |
| 相关链接 |
|
|
|
|
正题名:学会工作手册
索取号:C2/240
 
预约/预借
| 序号 | 登录号 | 条形码 | 馆藏地/架位号 | 状态 | 备注 |
| 1 | 0609345 | 206093458 | 第一样本阅览室/ [索取号:C2/240] | 在馆 |